00350nam a22001337a 450000500170000000800410001702200130005804100130007108200130008410000130009724500350011026000450014565000260019020240425084121.0240425b |||||||| |||| 00| 0 eng d a02582503 aEnglish  a349 LAW  lEnglish  aThe South African Law Reports  aCape Town: bJuta and Company Ltd,c2020 aLegal practice bLaw